000 00997nam a22002537a 4500
005 20170124103106.0
010 _aB-158049
020 _c125.00
035 _aB-158049
037 _bCen Lib/Ret
040 _aDPL
_bHN
082 _a080
_bगोयल
100 _aगोयल, बी.एन.
_973
245 _aमहान व्यक्तियों के प्रेरक भाषण /
_cबी.एन. गोयल
246 _aMahan vyaktiyon ke prerak bhashan /
_bby B.N. Goyal
260 _aनयी दिल्ली
_bआर्य बुक डिपो
_c2004
270 _bनयी दिल्ली
_a30, नाईवाला बाग
_e110005
300 _a295पृ.
_c21सेमी (सजिल्द)
650 _aहिंदी--पत्रकारिता
_91191
650 _aभाषण कला
_91488
650 _aHindi - Journalism
_943511
650 _aRhetoric
_924426
942 _2ddc
_cHN
_h080
_mगोयल
999 _c118080
_d118080